| 000 | 00547nam a2200193Ia 4500 | ||
|---|---|---|---|
| 005 | 20250508162136.0 | ||
| 008 | 008 250505s9999 xx 000 0 eng d | ||
| 020 | _a0-87840-171-7 | ||
| 037 | _aTextual | ||
| 040 |
_aFEDL _beng _cFEDL |
||
| 041 |
_aeng _2eng |
||
| 084 |
_a407, COO _qFEDL |
||
| 100 |
_aCook S J Walter A _9772417 |
||
| 245 | 0 | _aIntroduction to tagmemic analysis | |
| 260 |
_aWashington, USA _bGeorgetown University Press _c1969 |
||
| 300 | _aviii,204p. | ||
| 942 |
_cTEXL _h407, COO |
||
| 999 |
_c1374626 _d1374626 |
||